[Event "73rd ch-UKR"]
[Site "Kharkiv UKR"]
[Date "2004.08.30"]
[Round "4.1"]
[White "Korobov,A"]
[Black "Goloshchapov,A"]
[Result "1-0"]
[WhiteElo "2565"]
[BlackElo "2577"]

1.d4 d5 2.c4 c6 3.Nc3 dxc4 4.e3 b5 5.a4 b4 6.Ne4 Qd5 7.Ng3 Nf6 8.Nf3 Ba6
9.Be2 e6 10.O-O Bd6 11.Bd2 Nbd7 12.b3 c5 13.bxc4 Qb7 14.dxc5 Bxc5 15.Nd4 Ne5
16.Qb3 Rc8 17.Nb5 Qe7 18.Rfb1 Nc6 19.Bf3 Na5 20.Qxb4 Bxb4 21.Bxb4 Rc5 22.Bxa5 Rxc4
23.Na3 Rc5 24.Bb4 O-O 25.Nb5 Rb8 26.Rd1 Bxb5 27.axb5 Qc7 28.Bxc5 Qxc5 29.Bc6 h5
30.Ne2 Ng4 31.h3 Ne5 32.Nd4 Rc8 33.Rdc1 Qb6 34.Ra6 Qb8 35.Rca1 Kh7 36.Be4+ Kh6
37.Nf5+ Kg5 38.f4+ Kf6 39.fxe5+ Qxe5 40.Nd6 Rc7 41.Ne8+ Kg5 42.Nxc7 Qxe4
43.Rxa7 Qxe3+ 44.Kh1 Kh6 45.Ne8 Qb6 46.Rxf7 Qxb5 47.Nxg7 h4 48.Raf1 Qe2 49.Nxe6  1-0

[Event "73rd ch-UKR"]
[Site "Kharkiv UKR"]
[Date "2004.08.31"]
[Round "4.2"]
[White "Goloshchapov,A"]
[Black "Korobov,A"]
[Result "1/2-1/2"]
[WhiteElo "2577"]
[BlackElo "2565"]

1.e4 c5 2.Nf3 d6 3.d4 cxd4 4.Nxd4 Nf6 5.Nc3 a6 6.Be3 e5 7.Nb3 Be6 8.f3 Nbd7
9.g4 Nb6 10.g5 Nh5 11.Qd2 Be7 12.O-O-O Rc8 13.Rg1 O-O 14.Kb1 Qc7 15.Qf2 Nc4
16.Bxc4 Qxc4 17.f4 exf4 18.Bxf4 Nxf4 19.Qxf4 a5 20.Nxa5 Qb4 21.Nb3 Rxc3 22.bxc3 Qxc3
23.Rg3 Qc4 24.Rd4 Qa6 25.e5 dxe5 26.Qxe5 Rc8 27.Rgd3 b5 28.Rd6 Bxd6 29.Rxd6 Qa8
30.Kb2 b4 31.Rb6 Re8 32.Qg3 Qa3+ 33.Kb1 g6 34.Rb5 Ra8 35.Rb8+ Rxb8 36.Qxb8+ Kg7
37.Qe5+ Kg8 38.Qb8+ Kg7 39.h4 Qa4 40.Qe5+ Kg8 41.Qb8+ Kg7 42.Qb6 h5 43.Qd4+ Kh7
44.Nc1 Qa5 45.Nb3 Qa4 46.Nc1 Qa5 47.Nb3 Qa4 48.Qc5 Qa3 49.Qb5 Kg7 50.Qe5+ Kh7
51.Qc5 Qa4 52.Qb6 Kg7 53.Kc1 Qxa2 54.Qxb4 Bxb3 55.Qc3+ Kf8 56.cxb3 Qf2 57.Qc4 f5
58.gxf6 Qxf6 59.b4 g5 60.Qc5+ Kf7 61.hxg5 Qf4+ 62.Kc2 h4 63.b5 h3 64.Qd5+ Kg7
65.Qd7+ Qf7 66.Qxh3 Qa2+ 67.Kc1 Qa1+ 68.Kd2 Qb2+ 69.Ke1 Qxb5 70.Qh6+ Kg8
71.Qg6+ Kh8 72.Qf6+ Kg8 73.Kf2 Qd3 74.Qe6+ Kg7 75.Qe7+ Kg6  1/2-1/2

[Event "Sunny Pawn A"]
[Site "Illichevsk UKR"]
[Date "2006.07.22"]
[Round "3"]
[White "Itkis,B"]
[Black "Korobov,A"]
[Result "1/2-1/2"]
[WhiteElo "2453"]
[BlackElo "2559"]

1.d4 d5 2.c4 e6 3.Nf3 c6 4.Qc2 dxc4 5.Qxc4 Nf6 6.Nc3 b5 7.Qd3 Bb7 8.g3 Nbd7
9.Bg2 a6 10.O-O c5 11.dxc5 Nxc5 12.Qxd8+ Rxd8 13.Be3 Ng4 14.Bxc5 Bxc5 15.h3 Nf6
16.Ne5 Bxg2 17.Kxg2 Bd4 18.Nd3 Ke7 19.Rfc1 Rc8 20.a4 b4 21.Na2 a5 22.Rxc8 Rxc8
23.Rc1 Ra8 24.Kf3 Nd7  1/2-1/2

[Event "Sunny Pawn A"]
[Site "Illichevsk UKR"]
[Date "2006.07.23"]
[Round "4"]
[White "Korobov,A"]
[Black "Stopkin,V"]
[Result "1-0"]
[WhiteElo "2559"]
[BlackElo "2296"]

1.d4 d5 2.c4 e6 3.Nc3 c5 4.e3 Nf6 5.Nf3 Nc6 6.a3 Bd6 7.dxc5 Bxc5 8.b4 Bd6
9.Bb2 O-O 10.c5 Bc7 11.Nb5 Bb8 12.Nbd4 Ne4 13.Bd3 Qf6 14.Qc2 e5 15.Nxc6 bxc6
16.Bxe4 dxe4 17.Qxe4 Bf5 18.Qc4 Re8 19.O-O Be6 20.Qe2 Qg6 21.Bxe5 Qe4 22.Qb2 Bc4
23.Bxg7 Bxf1 24.Rxf1 Qg6 25.Bd4 Bc7 26.Qe2 Rad8 27.Qa6 Bb8 28.b5 cxb5 29.Qxb5 Rc8
30.Rc1 Bc7 31.g3 Qf5 32.Nh4 Qe6 33.c6 Bd8 34.Nf5 a6 35.Qc5 Be7 36.Nxe7+ Qxe7
37.Qa5 Qd6 38.Qxa6 Rc7 39.Rc5 h6 40.Qc4 Qe6 41.a4 Qxc4 42.Rxc4 Re6 43.a5 Rexc6
44.Rb4 Rc8 45.Kg2 Ra8 46.Rb5 Rc2 47.Rb6 Rxa5 48.Rxh6 Kf8 49.Rf6 Ke7 50.h4 Rd2
51.Rf4 Rc2 52.g4 Rc6 53.h5 f6 54.h6 Ra8 55.Rf5 Rg8 56.g5  1-0

[Event "Sunny Pawn A"]
[Site "Illichevsk UKR"]
[Date "2006.07.24"]
[Round "5"]
[White "Agafii,V"]
[Black "Korobov,A"]
[Result "1/2-1/2"]
[WhiteElo "2317"]
[BlackElo "2559"]

1.d4 Nf6 2.c4 e6 3.Nc3 Bb4 4.Qc2 O-O 5.Bg5 c5 6.dxc5 Na6 7.a3 Bxc3+ 8.Qxc3 Nxc5
9.Bxf6 Qxf6 10.Qxf6 gxf6 11.b4 Na4 12.e3 b6 13.Nf3 Ba6 14.Be2 Rac8 15.Nd2 Rfd8
16.Ne4 d5 17.cxd5 Bxe2 18.Kxe2 f5 19.Ng3 Rxd5 20.Rhc1 Rcd8 21.Rc7 a5  1/2-1/2

[Event "Sunny Pawn A"]
[Site "Illichevsk UKR"]
[Date "2006.07.27"]
[Round "7"]
[White "Korobov,A"]
[Black "Savchenko,S"]
[Result "0-1"]
[WhiteElo "2559"]
[BlackElo "2508"]

1.d4 d5 2.c4 c6 3.Nc3 Nf6 4.Nf3 dxc4 5.a4 Bf5 6.Ne5 Na6 7.f3 Nd7 8.Nxc4 e5
9.dxe5 Qh4+ 10.g3 Qxc4 11.e4 Qe6 12.exf5 Qxe5+ 13.Kf2 Nb4 14.Bh3 Bc5+ 15.Kg2 O-O
16.Re1 Qd4 17.Qe2 Rae8 18.Ne4 Nd5 19.Qc2 Bb4 20.Re2 h6 21.Bf4 Nxf4+ 22.gxf4 Nf6
23.Rd1 Qb6 24.Nxf6+ gxf6 25.Kh1 Rxe2 26.Qxe2 Rd8 27.Bf1 Rxd1 28.Qxd1 Qe3
29.Bc4 Bc5 30.Kg2 Kg7 31.b3 a6 32.a5 Qf2+ 33.Kh3 Be3 34.Qe2 Qxe2 35.Bxe2 Bd2
36.Kg2 Bxa5 37.Bc4 Kf8 38.Kf1 Bd2  0-1

[Event "Sunny Pawn A"]
[Site "Illichevsk UKR"]
[Date "2006.07.28"]
[Round "8"]
[White "Vovk,Y"]
[Black "Korobov,A"]
[Result "1/2-1/2"]
[WhiteElo "2441"]
[BlackElo "2559"]

1.e4 e6 2.d4 d5 3.Nc3 Bb4 4.e5 c5 5.Qg4 Ne7 6.dxc5 Nbc6 7.Bd2 O-O 8.O-O-O f5
9.exf6 Rxf6 10.Bd3 e5 11.Qh4 Nf5 12.Bxf5 Bxf5 13.Nge2 d4 14.Bg5 Qa5 15.Bxf6 gxf6
16.Nd5 Qxa2 17.Nxb4 Nxb4 18.Qxf6 Bxc2 19.Nxd4 exd4 20.Rxd4 Bg6 21.Rd8+ Rxd8
22.Qxd8+ Kf7 23.Qc7+ Kf6 24.Qf4+ Kg7 25.Qe5+ Kf7  1/2-1/2

[Event "Sunny Pawn A"]
[Site "Illichevsk UKR"]
[Date "2006.07.29"]
[Round "9"]
[White "Korobov,A"]
[Black "Zherebukh,Y"]
[Result "1-0"]
[WhiteElo "2559"]
[BlackElo "2371"]

1.d4 Nf6 2.c4 c5 3.d5 e6 4.Nc3 exd5 5.cxd5 d6 6.Nf3 g6 7.Nd2 Bg7 8.e4 O-O
9.Be2 Na6 10.O-O Nc7 11.a4 b6 12.Nc4 Re8 13.f3 Ba6 14.Kh1 Qd7 15.Re1 Rab8
16.Bg5 Bxc4 17.Bxc4 a6 18.Bf1 h6 19.Be3 Qd8 20.Qd2 Kh7 21.Rab1 Nd7 22.b4 Qf6
23.Rec1 Ne5 24.f4 Ng4 25.Bg1 Qd8 26.Re1 a5 27.bxa5 bxa5 28.Rxb8 Qxb8 29.Nb5 Nxb5
30.Bxb5 Re7 31.e5 h5 32.Rc1 Rb7 33.exd6 Qxd6 34.Bxc5 Qf6 35.d6 Qd8 36.d7 Nf6
37.Be7 Rxd7 38.Qxd7 Qxd7 39.Bxd7 Nxd7 40.Bd8  1-0

[Event "Sunny Pawn A"]
[Site "Illichevsk UKR"]
[Date "2006.07.30"]
[Round "10"]
[White "Vovk,A"]
[Black "Korobov,A"]
[Result "1/2-1/2"]
[WhiteElo "2388"]
[BlackElo "2559"]

1.e4 e6 2.d4 d5 3.Nd2 c5 4.exd5 exd5 5.Ngf3 Nc6 6.Bb5 Bd6 7.dxc5 Bxc5 8.O-O Ne7
9.Nb3 Bd6 10.Bg5 O-O 11.Bh4 Bg4 12.Bg3 Bxg3 13.hxg3 Nf5 14.Bd3 Qf6 15.Bxf5 Qxf5
16.c3 Rfe8 17.Nbd4 Qd7 18.Qd3 Re4 19.Nxc6 bxc6 20.Ng5 Be2 21.Qc2 Bxf1 22.Nxe4 Bb5
23.Ng5 g6 24.Nf3 Re8 25.Nd4 c5 26.Nxb5 Qxb5 27.c4 Qxc4 28.Qxc4 dxc4 29.Rc1 Re2
30.Rxc4 Rxb2 31.a4 Rb1+ 32.Kh2 Rb4 33.Rxc5 Rxa4 34.g4 h5 35.gxh5 Rh4+ 36.Kg3 Rxh5
37.Rc7 a5 38.Ra7 Kg7 39.Ra6 Rg5+ 40.Kh3 Rb5 41.g4 g5 42.f3 Kf8 43.Ra7 Ke8
44.Kg3 f6 45.Ra6 Ke7 46.Kh3 Rb3 47.Rxa5 Rxf3+ 48.Kg2 Rd3 49.Rf5 Ke6 50.Rf2 Re3
51.Rf5 Re4 52.Kg3 Re3+ 53.Kg2 Re5 54.Rf2 Rd5 55.Re2+ Kd6 56.Rf2 Ke5 57.Rf5+  1/2-1/2

[Event "Rector Cup m"]
[Site "Kharkiv UKR"]
[Date "2007.03.19"]
[Round "2"]
[White "Korobov,A"]
[Black "Molnar,P SVK"]
[Result "1-0"]
[WhiteElo "2547"]
[BlackElo "2353"]

1.d4 Nf6 2.c4 e6 3.Nc3 Bb4 4.e3 O-O 5.Bd3 d5 6.Nf3 c5 7.O-O cxd4 8.exd4 dxc4
9.Bxc4 b6 10.Bg5 Bxc3 11.bxc3 Nbd7 12.Bd3 Qc7 13.c4 Bb7 14.Re1 Qc6 15.Qd2 Rfe8
16.Qb2 Qd6 17.Rad1 Bxf3 18.gxf3 h6 19.Be3 e5 20.c5 Qd5 21.dxe5 Qxe5 22.Qxe5 Nxe5
23.Be2 bxc5 24.Bxc5 Nh5 25.Kf1 Nf4 26.Bb5 Re6 27.Re3 a6 28.Ba4 Nc4 29.Rb3 Rc8
30.Be3 Rf6 31.Bc1 Nb6 32.Rxb6 Rxb6 33.Bxf4 Rb4 34.Bd7 Rc2 35.Bf5  1-0

[Event "Rector Cup m"]
[Site "Kharkiv UKR"]
[Date "2007.03.21"]
[Round "5"]
[White "Maiorov,N"]
[Black "Korobov,A"]
[Result "1/2-1/2"]
[WhiteElo "2516"]
[BlackElo "2547"]

1.d4 Nf6 2.c4 g6 3.Nf3 Bg7 4.g3 O-O 5.Bg2 d6 6.O-O Nc6 7.Nc3 a6 8.b3 Rb8
9.Nd5 Ne4 10.Bb2 e6 11.Nc3 Nxc3 12.Bxc3  1/2-1/2

[Event "Rector Cup m"]
[Site "Kharkiv UKR"]
[Date "2007.03.23"]
[Round "7"]
[White "Korobov,A"]
[Black "Zubarev,Al1"]
[Result "1-0"]
[WhiteElo "2547"]
[BlackElo "2514"]

1.d4 Nf6 2.c4 g6 3.Nc3 Bg7 4.e4 O-O 5.Nf3 d6 6.Be2 Bg4 7.Be3 Nfd7 8.Rc1 a6
9.O-O c5 10.d5 b5 11.cxb5 axb5 12.Bxb5 Ne5 13.Be2 Nxf3+ 14.Bxf3 Bxf3 15.Qxf3 Nd7
16.Qh3 Ne5 17.Bh6 Qb6 18.Bxg7 Kxg7 19.Rc2 c4 20.a3 Qd4 21.Qh4 Qa7 22.Kh1 Rab8
23.f4 Nd3 24.f5 f6 25.Ne2 g5 26.Qg3 Rfc8 27.h4 h6 28.b4 Kh7 29.Rc3 Rc7 30.Nc1 Qd4
31.Rc2 Ne5 32.Re1 gxh4 33.Qe3 Qa7 34.Qxa7 Rxa7 35.Re3 Rba8 36.Rcc3 Ng4 37.Rf3 Ne5
38.Rh3 Rg8 39.Rxh4 Rg5 40.Ne2 Ra8 41.g3 Rgg8 42.Nd4 Ra6 43.Nc6 Ra4 44.Nxe5 fxe5
45.g4 Rga8 46.Rhh3 Rg8 47.Rhg3 Rc8 48.g5  1-0

[Event "Rector Cup m"]
[Site "Kharkiv UKR"]
[Date "2007.03.24"]
[Round "8"]
[White "Onischuk,V"]
[Black "Korobov,A"]
[Result "1/2-1/2"]
[WhiteElo "2469"]
[BlackElo "2547"]

1.e4 e6 2.d4 d5 3.Nc3 Bb4 4.e5 c5 5.a3 Bxc3+ 6.bxc3 Ne7 7.Qg4 Qc7 8.Bd3 c4
9.Be2 Nf5 10.Nf3 Nc6  1/2-1/2

[Event "Rector Cup m"]
[Site "Kharkiv UKR"]
[Date "2007.03.24"]
[Round "9"]
[White "Korobov,A"]
[Black "Isajevsky,A"]
[Result "1/2-1/2"]
[WhiteElo "2547"]
[BlackElo "2464"]

1.d4 d5 2.c4 e6 3.Nc3 Be7 4.cxd5 exd5 5.Bf4 c6 6.e3 Bd6 7.Bxd6 Qxd6 8.Bd3 Nf6
9.Qc2 O-O 10.Nf3 Re8 11.O-O Nbd7 12.Rae1 Nf8 13.Ne5 Ng4 14.f4 f6 15.Bxh7+ Nxh7
16.Qg6 Rxe5 17.fxe5 Qd8 18.e4 dxe4 19.exf6 Ngxf6 20.Nxe4 Bd7 21.Nd6 Qf8 22.Qg3 Kh8
23.Re4 Be8 24.Rh4 Bf7 25.Nxf7+ Qxf7 26.Qd3 Qe7 27.Rh3  1/2-1/2

[Event "Rector Cup m"]
[Site "Kharkiv UKR"]
[Date "2007.03.25"]
[Round "10"]
[White "Shalimov,V UKR"]
[Black "Korobov,A"]
[Result "1/2-1/2"]
[WhiteElo "2393"]
[BlackElo "2547"]

1.d4 Nf6 2.Nf3 g6 3.Bg5 Bg7 4.Nbd2 d5 5.c3 O-O 6.e3 Nbd7 7.Be2 Re8 8.O-O e5
9.dxe5 Nxe5 10.Nxe5 Rxe5 11.Nf3  1/2-1/2

[Event "Rector Cup m"]
[Site "Kharkiv UKR"]
[Date "2007.03.29"]
[Round "3"]
[White "Ivanov,AA"]
[Black "Korobov,A"]
[Result "0-1"]
[WhiteElo "2357"]
[BlackElo "2547"]

1.e4 e6 2.d3 c5 3.Nf3 Nc6 4.g3 d5 5.Qe2 Nge7 6.Bg2 g6 7.h4 h6 8.O-O Bg7 9.Re1 O-O
10.e5 f5 11.c3 d4 12.c4 a6 13.Na3 Rb8 14.Bf4 b5 15.cxb5 axb5 16.Rec1 Qb6
17.Qd2 g5 18.hxg5 hxg5 19.Bxg5 Ng6 20.Bh6 f4 21.Bxg7 Kxg7 22.Qe2 Bb7 23.Nc2 Rf5
24.Nce1 fxg3 25.fxg3 Rbf8 26.g4 Nf4 27.Qc2 Rxe5 28.Nxe5 Nxe5  0-1

[Event "3rd UKR Games Men"]
[Site "Evpatoria UKR"]
[Date "2007.05.21"]
[Round "1"]
[White "Korobov,A"]
[Black "Fingerov,D"]
[Result "1-0"]
[WhiteElo "2531"]
[BlackElo "2327"]

1.d4 d5 2.c4 dxc4 3.e3 e5 4.Bxc4 exd4 5.exd4 Bd6 6.Nf3 Nf6 7.O-O O-O 8.h3 h6
9.Qc2 Nc6 10.Be3 Be6 11.Bxe6 fxe6 12.Nc3 Nh5 13.Qe4 Qf6 14.Rfe1 Rae8 15.Bd2 a6
16.Qg4 Qf5 17.Ne4 Bf4 18.Bc3 b6 19.Nh4 Qd5 20.Ng6 Rf7 21.Rad1 Ne7 22.Ne5 Rf5
23.g3 Bxe5 24.dxe5 Qc6 25.Nf6+ Nxf6 26.exf6 Rg5 27.Qxe6+ Qxe6 28.Rxe6 gxf6
29.Rd7 Kf7 30.Rxf6+ Kg8 31.Rxh6  1-0

[Event "3rd UKR Games Men"]
[Site "Evpatoria UKR"]
[Date "2007.05.22"]
[Round "2"]
[White "Shkuran,D"]
[Black "Korobov,A"]
[Result "1-0"]
[WhiteElo "2420"]
[BlackElo "2531"]

1.e4 e6 2.d4 d5 3.Nc3 Bb4 4.a3 Bxc3+ 5.bxc3 dxe4 6.Qg4 Nf6 7.Qxg7 Rg8 8.Qh6 Rg6
9.Qd2 Nc6 10.Bb2 e5 11.O-O-O Be6 12.f3 Qe7 13.fxe4 Nxe4 14.Qe1 f5 15.d5 Qc5
16.dxe6 Nf2 17.Nh3 Nxh1 18.Bd3 e4 19.Be2 Nf2 20.Nxf2 Rxg2 21.Bh5+ Kf8 22.Nxe4 fxe4
23.Qxe4 Rf2 24.Bf3 Qg5+ 25.Kb1 Rd8 26.e7+ Qxe7 27.Qf5+ Kg8 28.Rxd8+  1-0

[Event "3rd UKR Games Men"]
[Site "Evpatoria UKR"]
[Date "2007.05.22"]
[Round "3"]
[White "Korobov,A"]
[Black "Nazarevich,V"]
[Result "1-0"]
[WhiteElo "2531"]
[BlackElo "2304"]

1.d4 Nf6 2.c4 e6 3.Nc3 Bb4 4.e3 O-O 5.Bd3 d5 6.Nf3 c5 7.O-O cxd4 8.exd4 dxc4
9.Bxc4 Nc6 10.Bg5 Be7 11.Re1 Nd5 12.Bxd5 exd5 13.Bxe7 Nxe7 14.Qd3 b6 15.Rac1 Bg4
16.Ne5 Be6 17.Nb5 Nf5 18.g4 Nh6 19.Qg3 Rc8 20.Nc6 Qd7 21.Qd6 Kh8 22.Ncxa7 Qxd6
23.Nxd6 Ra8 24.Rc7 Nxg4 25.a3 Nf6 26.Nab5 Kg8 27.f3 Rfb8 28.Kf2 Kf8 29.b3 Ne8
30.Nxe8 Kxe8 31.a4 Kd8 32.Rxe6 fxe6 33.Rxg7 Ke8 34.Nc7+  1-0

[Event "3rd UKR Games Men"]
[Site "Evpatoria UKR"]
[Date "2007.05.24"]
[Round "6"]
[White "Stets,D"]
[Black "Korobov,A"]
[Result "0-1"]
[WhiteElo "2380"]
[BlackElo "2531"]

1.e4 e6 2.d3 c5 3.Nf3 Nc6 4.g3 d5 5.Nbd2 Bd6 6.Bg2 Nge7 7.O-O O-O 8.Nh4 b5
9.f4 c4 10.dxc4 bxc4 11.e5 Bc5+ 12.Kh1 Rb8 13.c3 Rb5 14.b4 cxb3 15.axb3 a5
16.Ba3 Bxa3 17.Rxa3 Ba6 18.Re1 Qb6 19.c4 Rc5 20.cxd5 Nxd5 21.Ne4 Nc3 22.Qh5 Nxe4
23.Bxe4 f5 24.Bg2 Nd4 25.Ra4 Nc2 26.Rb1 Ne3 27.Ra2 Qxb3 28.Raa1 Qc2 29.Qf3 Nxg2
30.Qxg2 Qc3 31.Qb2 Qd3 32.Rd1 Qe4+ 33.Qg2 Bb7 34.Qxe4 Bxe4+ 35.Kg1 Rb8 36.Rd2 Rcb5
37.Kf2 Rb2 38.Rxb2 Rxb2+ 39.Ke3 Rb5 40.Kd4 h6 41.Ng6 Kf7 42.Nh8+ Ke8 43.Kc4 Rd5
44.Ng6 Bd3+ 45.Kc3 Be2 46.Ra2 Bh5 47.Nh4 Kd7 48.Ng2 Kc6 49.Ne3 Rc5+ 50.Kd4 Bf3
51.Ra1 Be2 52.Ra2 Ba6 53.Ra1 Kb6 54.h3 g5 55.fxg5 hxg5 56.Ra4 Rc8 57.Nc4+ Bxc4
58.Rxc4 Rxc4+  0-1

[Event "Czech Open GMA"]
[Site "Pardubice CZE"]
[Date "2007.07.24"]
[Round "5"]
[White "Boskovic,D"]
[Black "Korobov,A"]
[Result "1/2-1/2"]
[WhiteElo "2473"]
[BlackElo "2530"]

1.e4 e6 2.d4 d5 3.Nd2 c5 4.exd5 exd5 5.Ngf3 Nc6 6.Bb5 Bd6 7.dxc5 Bxc5 8.O-O Ne7
9.Nb3 Bd6 10.Re1 O-O 11.Bg5 Bg4 12.Be2 Qd7 13.h3 Bf5 14.Bxe7 Bxe7 15.Bd3 Bd6
16.Nbd4 Bg6 17.Qd2 Rfe8 18.Bxg6 hxg6 19.Rad1 Rad8 20.Rxe8+ Qxe8  1/2-1/2

[Event "3rd Geller mem Open A"]
[Site "Odessa UKR"]
[Date "2007.09.08"]
[Round "1"]
[White "Korobov,A"]
[Black "Sulejmanova,A"]
[Result "1/2-1/2"]
[WhiteElo "2530"]
[BlackElo "2241"]

1.d4 Nf6 2.c4 c5 3.d5 b5 4.cxb5 a6 5.e3 g6 6.Nc3 Bg7 7.Nf3 O-O 8.a4 Bb7 9.e4 e6
10.Bg5 exd5 11.e5 Qe8 12.bxa6 Nxa6 13.Bxf6 Bxf6 14.Bxa6 Rxa6 15.O-O d4 16.exf6 dxc3
17.Re1 Qd8 18.bxc3 Qxf6 19.Ne5 d6 20.Nc4 Rd8 21.Qb3 Bc6 22.f3 Qf4 23.Nb6 d5
24.a5 h5 25.Qa3 Qd6 26.h4 Rb8 27.Qc1 d4 28.Qd2 Qf6 29.Qf2 dxc3 30.Qxc5 c2
31.Rac1 Rxa5 32.Qxa5 Qd4+ 33.Kh2 Qxh4+ 34.Kg1 Qd4+ 35.Kh1 Rxb6 36.Rxc2 Qh4+
37.Kg1 Qd4+ 38.Kh1 Qh4+ 39.Kg1 Qd4+ 40.Rf2 Rb2 41.Rf1 Bb5 42.Qa1 Bxf1 43.Qxb2 Qxb2
44.Rxb2 Bc4 45.Kf2 Kg7 46.Ke3 Kf6 47.Kf4 Be6 48.Rb6 Kg7 49.Ke5 Bc4 50.g3 Be2
51.Rb3 Bc4 52.Ra3 Be6 53.Ra4 Bf5 54.Rf4 Be6 55.Rb4 Bf5 56.f4 Bg4 57.Rb5 Bh3
58.Kd6 Bg4 59.Ke7 Bh3 60.Rb6 Bf1 61.Rc6 Bd3 62.Rd6 Bc4 63.Rf6 Bb3 64.f5 gxf5
65.Rxf5 Kg6 66.Ra5 Be6 67.Kd6 Bg4 68.Ke5 Kg7 69.Kf4 Kf6 70.Ra6+ Be6 71.Rb6 Kg6
72.Rb8 Kf6 73.Rh8 Kg6 74.Rg8+ Kh7 75.Rg5 Kh6 76.Ra5 Kg6 77.Ra8 Kf6 78.Rg8 Bf5
79.Rg5 Bg4 80.Ra5 Kg6  1/2-1/2

[Event "3rd Geller mem Open A"]
[Site "Odessa UKR"]
[Date "2007.09.10"]
[Round "3"]
[White "Korobov,A"]
[Black "Zavgorodniy,S"]
[Result "1-0"]
[WhiteElo "2530"]
[BlackElo "2422"]

1.d4 Nf6 2.c4 d6 3.Nf3 Nbd7 4.Nc3 e5 5.e4 Be7 6.Be2 c6 7.O-O O-O 8.Qc2 Qc7
9.Bg5 Re8 10.Rfd1 Nf8 11.h3 Ng6 12.Rac1 Nh5 13.Be3 Nhf4 14.Bf1 Bf6 15.Qd2 Qe7
16.b4 exd4 17.Nxd4 Bxd4 18.Qxd4 Qh4 19.Qxd6 Be6 20.Kh2 Rad8 21.g3 Rxd6 22.gxh4 Rxd1
23.Rxd1 a6 24.a4 h6 25.a5 Bc8 26.b5 Ne6 27.Kg3 Ne7 28.f4 f5 29.e5 Kf7 30.h5 cxb5
31.cxb5 Rd8 32.Rd6 Rxd6 33.exd6 Ng8 34.Nd5 Nd8 35.Nb6 Be6 36.bxa6 bxa6 37.Bxa6 Nf6
38.Bd3 Nxh5+ 39.Kh2 Nf6 40.a6 Nc6 41.Nc4  1-0

[Event "3rd Geller mem Open A"]
[Site "Odessa UKR"]
[Date "2007.09.11"]
[Round "4"]
[White "Teterev,V"]
[Black "Korobov,A"]
[Result "1/2-1/2"]
[WhiteElo "2500"]
[BlackElo "2530"]

1.e4 e6 2.d3 d5 3.Qe2 Nf6 4.Nf3 Be7 5.g3 c5 6.Bg2 Nc6 7.O-O b6 8.e5 Nd7 9.c4 d4
10.Ne1 Bb7 11.f4 Qc7 12.Nd2 O-O-O 13.Ne4 Rde8 14.a3 f5 15.exf6 Nxf6 16.Ng5 Bd6
17.Bd2 e5 18.f5 e4 19.Nxe4 Nxe4 20.Bxe4 Ne5 21.f6 h5 22.Bg5 Nxc4 23.fxg7 Rhg8
24.Bxb7+ Qxb7 25.Rf8 Ne3 26.Rxe8+ Rxe8 27.Qxh5 Rg8 28.Qh6 Qf7 29.Bxe3 dxe3
30.Qxe3 Qxg7 31.Qe6+ Kc7 32.Ng2 Qxb2 33.Rf1 Rg7 34.Ne3 Qe5 35.Qxe5 Bxe5 36.Kg2 Rd7
37.Rd1 b5 38.Kf3 Kc6 39.Ke2 a5 40.Kd2 Rh7 41.Nf1 b4 42.a4 Rf7 43.Kc1 Rf2
44.Nd2 Rxh2 45.Nc4 Kd5 46.Rd2 Rh1+ 47.Rd1 Rh3 48.Nxa5 Rxg3 49.Kc2 Rg2+  1/2-1/2

[Event "3rd Geller mem Open A"]
[Site "Odessa UKR"]
[Date "2007.09.13"]
[Round "6"]
[White "Tarlev,K"]
[Black "Korobov,A"]
[Result "0-1"]
[WhiteElo "2472"]
[BlackElo "2530"]

1.e4 e6 2.Nc3 d5 3.d4 Bb4 4.e5 c5 5.a3 Bxc3+ 6.bxc3 Ne7 7.Nf3 b6 8.Bb5+ Bd7
9.Bd3 c4 10.Bf1 Ba4 11.h4 Nbc6 12.h5 h6 13.g3 Kd7 14.Bh3 Qg8 15.O-O Qh7 16.Ra2 a5
17.Nh4 g5 18.Ng2 Raf8 19.Ne3 f5 20.exf6 Rxf6 21.Qe2 Rhf8 22.Ng4 Rf3 23.Re1 Rxc3
24.Qxe6+ Kc7 25.Ne3 Rd8 26.Bd2 Rxe3 27.Qxe3 Bxc2 28.Rb2 Nf5 29.Qc3 Nfxd4
30.Bg2 Qd3 31.Qxd3 Bxd3 32.Bc3 b5 33.Re3 Kb6 34.Rxd3 cxd3 35.Bf1 Nf3+ 36.Kg2 Nfe5
37.f4  0-1

[Event "3rd Geller mem Open A"]
[Site "Odessa UKR"]
[Date "2007.09.14"]
[Round "7"]
[White "Korobov,A"]
[Black "Zubov,A UKR"]
[Result "1/2-1/2"]
[WhiteElo "2530"]
[BlackElo "2552"]

1.d4 d5 2.c4 c6 3.Nc3 Nf6 4.Nf3 e6 5.Bg5 h6 6.Bh4 dxc4 7.e4 g5 8.Bg3 b5 9.Be2 Bb7
10.O-O Nbd7 11.Ne5 h5 12.Nxd7 Qxd7 13.Be5 Rh6 14.Qc1 Ng4 15.Bxg4 hxg4 16.Qxg5 Rg6
17.Qe3 f6 18.Bg3 Bh6 19.Qe2 Qxd4 20.Rfd1 Qc5 21.e5 f5 22.Bh4 Bf4 23.Bf6 Rxf6
24.exf6 Qe5 25.Re1 Qxe2 26.Nxe2 Bd2 27.Red1 Rd8 28.a4 a6 29.Kf1 Rd3 30.b3 cxb3
31.Nc1 b2 32.Nxd3 bxa1=Q 33.Rxa1 Bc3 34.Rd1 Bxf6 35.Nc5 Bc8 36.Rd6 bxa4 37.Rxc6 Kd8
38.Nxe6+ Kd7 39.Rc7+ Kxe6 40.Rxc8 Kd5 41.Ra8 a3 42.Rxa6 Be7 43.Ra4 Kc6 44.Ke2 Kb5
45.Ra8 Kc4 46.Ke3 Bg5+ 47.f4 gxf3 48.Kxf3 Kb3 49.g4  1/2-1/2

[Event "4th Open A"]
[Site "Moscow RUS"]
[Date "2008.02.02"]
[Round "1"]
[White "Kozlov,Vladimir"]
[Black "Korobov,A"]
[Result "0-1"]
[WhiteElo "2117"]
[BlackElo "2573"]

1.e4 e6 2.d4 d5 3.Nc3 Bb4 4.Ne2 dxe4 5.a3 Be7 6.Nxe4 Nc6 7.Be3 Nf6 8.N2c3 Nd5
9.Bb5 Nxe3 10.fxe3 O-O 11.Qe2 Bd7 12.O-O-O f5 13.Nf2 a6 14.Bc4 Kh8 15.d5 exd5
16.Bxd5 Bd6 17.e4 Qg5+ 18.Kb1 Rae8 19.h4 Qh6 20.g4 fxg4 21.Nxg4 Qf4 22.Ne3 Bc5
23.Ng2 Qf2 24.Rdf1 Qxe2 25.Nxe2 Rxf1+ 26.Rxf1 b5 27.Rf7 Ne5 28.Rf1 c6 29.Bb3 g6
30.Ngf4 Bg4 31.Nc1 Nf3 32.Rh1 Rxe4 33.Nfd3 Bb6 34.Nb4 c5 35.Nxa6 c4 36.Ba2 Nd2+
37.Ka1 Bf3 38.Rh2 Nf1  0-1

[Event "4th Open A"]
[Site "Moscow RUS"]
[Date "2008.02.06"]
[Round "5"]
[White "Kuznetsov,Vi2"]
[Black "Korobov,A"]
[Result "0-1"]
[WhiteElo "2449"]
[BlackElo "2573"]

1.e4 e6 2.d4 d5 3.Nd2 c5 4.exd5 exd5 5.Ngf3 Nc6 6.Bb5 Bd6 7.dxc5 Bxc5 8.O-O Ne7
9.Nb3 Bd6 10.Re1 O-O 11.Bg5 Bg4 12.Be2 Qc7 13.h3 Bd7 14.Nfd4 a6 15.c3 Rfe8
16.Bg4 Ng6 17.Rxe8+ Rxe8 18.Bxd7 Qxd7 19.Qg4 Qxg4 20.hxg4 f6 21.Bd2 Nge5
22.Re1 Kf7 23.Nf5 Bf8 24.f3 Nd3 25.Rxe8 Kxe8 26.Ne3 Nce5 27.Nxd5 Nc4 28.Kf1 Nxd2+
29.Nxd2 Nxb2 30.Ke2 Kd7 31.Nb6+ Kc6 32.Nbc4 Nxc4 33.Nxc4 b5 34.Nd2 Bd6 35.Kd3 Bf4
36.Nb3 Kd5 37.Nd4 g6 38.Nc2 Bd6 39.Nd4 Bc5 40.Ne2 Bb6 41.Nf4+ Ke5 42.Ne2 a5
43.Kc2 Bc5 44.Kd3 h5 45.gxh5 gxh5 46.Ng3 h4 47.Ne2 f5 48.Kd2 f4 49.c4 b4
50.Kc2 Be3 51.a4 bxa3 52.Kb3 Kd6 53.Nc3 Kc5 54.Ne4+ Kd4 55.c5 Kd5 56.Nd6 Bxc5
57.Nf5 Bf2 58.Kxa3 Kc4 59.Nd6+ Kd3 60.Nb5 Ke2  0-1

[Event "19th Czech Oce Open"]
[Site "Pardubice CZE"]
[Date "2008.07.11"]
[Round "2"]
[White "Shilov,S"]
[Black "Korobov,A"]
[Result "0-1"]
[WhiteElo "2255"]
[BlackElo "2590"]

1.c4 e5 2.Nc3 Nf6 3.g3 d5 4.cxd5 Nxd5 5.Bg2 Nb6 6.d3 Be7 7.Nf3 Nc6 8.O-O O-O
9.a3 a5 10.Be3 Be6 11.Rc1 f5 12.Na4 e4 13.Ne1 Nd5 14.Bc5 e3 15.fxe3 Bg5 16.Nc2 Re8
17.e4 fxe4 18.dxe4 Nf6 19.Be3 Qxd1 20.Rfxd1 Bxe3+ 21.Nxe3 Bb3 22.Nc5 Bxd1
23.Rxd1 Ne5 24.Nd5 b6 25.Nd3 Nxd3 26.Rxd3 Rad8 27.e5 Nxd5 28.Bxd5+ Kh8 29.e6 c6
30.Bxc6 Rxd3 31.Bxe8 Re3 32.Bb5 Rxe6 33.Kf2 g5 34.Kf3 Kg7 35.Bd3 h5 36.h3 Kf6
37.b4 Ke5 38.bxa5 bxa5 39.e3 Rf6+ 40.Ke2 g4 41.hxg4 hxg4 42.Bb5 Rf3 43.Bd7 Rxg3
44.Kf2 Rh3 45.a4 g3+ 46.Kf3 Rh7 47.Bg4 Rg7 48.Kxg3 Ke4 49.Kh3 Kxe3 50.Be6 Kd4
51.Bg4 Kc3  0-1

[Event "19th Czech Oce Open"]
[Site "Pardubice CZE"]
[Date "2008.07.11"]
[Round "3"]
[White "Korobov,A"]
[Black "Vavra,P1"]
[Result "1-0"]
[WhiteElo "2590"]
[BlackElo "2298"]

1.d4 d5 2.c4 c6 3.Nc3 Nf6 4.Nf3 dxc4 5.a4 Bg4 6.Ne5 Bh5 7.h3 Bg6 8.g4 Nbd7
9.Nxc4 h5 10.g5 Nd5 11.Bg2 Qc7 12.Qb3 e6 13.e4 Nf4 14.Bxf4 Qxf4 15.Qxb7 Rd8
16.Qxc6 Bb4 17.O-O Ke7 18.Ne5 Nxe5 19.Qc7+  1-0

[Event "19th Czech Oce Open"]
[Site "Pardubice CZE"]
[Date "2008.07.12"]
[Round "5"]
[White "Korobov,A"]
[Black "Smirnov,P"]
[Result "1/2-1/2"]
[WhiteElo "2590"]
[BlackElo "2592"]

1.d4 d5 2.c4 e6 3.Nc3 c6 4.Nf3 Nf6 5.Bg5 h6 6.Bxf6 Qxf6 7.e3 Nd7 8.Qc2 g6
9.Bd3 dxc4 10.Bxc4 Bg7 11.O-O O-O 12.Rfe1 Rd8 13.Rad1 Qe7 14.h4 Nb6 15.Bb3 Bd7
16.Ne4 Rac8 17.Nc5 Be8 18.e4 Rc7 19.e5 Nd7 20.Ne4 c5 21.Qc1 c4 22.Bc2 Nb6
23.h5 g5 24.Nh2 Nd5 25.Ng4 Bc6 26.Bb1 Kf8 27.Qxc4 Qb4 28.Qc5+ Qxc5 29.dxc5 Rcd7
30.g3 Nb4 31.Rd6 Bxe4 32.Bxe4 Na6 33.Rc1 Ke7 34.a3 Rc7 35.b4 Nb8 36.Rcd1 Rg8
37.Bg2 Nd7 38.Re1 f6  1/2-1/2

[Event "19th Czech Open Synthesia Rapid"]
[Site "Pardubice CZE"]
[Date "2008.07.17"]
[Round "6"]
[White "Smith,Ax"]
[Black "Korobov,A"]
[Result "0-1"]
[WhiteElo "2427"]
[BlackElo "2590"]

1.e4 c5 2.Nf3 d6 3.d4 cxd4 4.Nxd4 Nf6 5.Nc3 a6 6.Be3 e5 7.Nb3 Be6 8.f3 Be7
9.Qd2 Nbd7 10.O-O-O O-O 11.g4 Nb6 12.h4 Rc8 13.h5 Nfd7 14.g5 f5 15.g6 h6
16.Kb1 Rf6 17.a3 Qf8 18.Nc1 Nc4 19.Bxc4 Rxc4 20.N1a2 fxe4 21.fxe4 Nc5 22.Qg2 Qc8
23.Rhf1 Bh3 24.Qe2 Bxf1 25.Rxf1 Qe6 26.Rxf6 Bxf6 27.Bf2 Nd7 28.Nd5 Rc8 29.Nac3 Bg5
30.Be3 Bxe3 31.Nxe3 Nf6 32.Qf3 Rf8 33.Nf5 Nxe4 34.Ne7+ Qxe7 35.Qxe4 Kh8 36.Nd5 Qg5
37.Qb4 Qxh5 38.Qxd6 Qf5 39.b3 e4 40.Qe7 Rg8 41.Qxb7 Qxg6 42.Ne7 Qf7 43.Qxe4 Re8
44.Ng6+  0-1